Antiques and fine arts (Record no. 102798)

MARC details
000 -LEADER
fixed length control field 01401cam a2200385 4500
001 - CONTROL NUMBER
control field J122232
008 - FIXED-LENGTH DATA ELEMENTS--GENERAL INFORMATION
fixed length control field 030509n2003 000 0 eng u
035 ## - SYSTEM CONTROL NUMBER
System control number (Sirsi) u122232
041 ## - LANGUAGE CODE
Language code of text/sound track or separate title eng
050 ## - LIBRARY OF CONGRESS CALL NUMBER
Classification number 745.1
-- 18
100 ## - MAIN ENTRY--PERSONAL NAME
Personal name Land, Howard
245 ## - TITLE STATEMENT
Title Antiques and fine arts
Remainder of title the chartered surveyor in the world of antiques
Medium [sound recording]
260 ## - PUBLICATION, DISTRIBUTION, ETC.
Place of publication, distribution, etc. London
Name of publisher, distributor, etc. Owlion
Date of publication, distribution, etc. 2003
300 ## - PHYSICAL DESCRIPTION
Extent 1 audio CD (ca. 60 min.)
350 ## - PRICE (NR) (BK AM CF MU VM SE) [OBSOLETE]
Price 15
490 ## - SERIES STATEMENT
Series statement Owlion Audio Programme
520 ## - SUMMARY, ETC.
Summary, etc. Provides an insight into the responsibilities of chartered surveyors working in the area of antiques and fine arts, focusing on the interaction that can and should beneficially exist between general practitioners and specialists.
650 ## - SUBJECT ADDED ENTRY--TOPICAL TERM
Topical term or geographic name entry element FURNITURE
650 ## - SUBJECT ADDED ENTRY--TOPICAL TERM
Topical term or geographic name entry element ANTIQUES VALUATIONS
650 ## - SUBJECT ADDED ENTRY--TOPICAL TERM
Topical term or geographic name entry element FINE ARTS VALUATION
650 ## - SUBJECT ADDED ENTRY--TOPICAL TERM
Topical term or geographic name entry element LOSS ADJUSTMENT
650 ## - SUBJECT ADDED ENTRY--TOPICAL TERM
Topical term or geographic name entry element PROFESSIONAL INDEMNITY INSURANCE
650 ## - SUBJECT ADDED ENTRY--TOPICAL TERM
Topical term or geographic name entry element SURVEYORS' NEGLIGENCE
690 ## - LOCAL SUBJECT ADDED ENTRY--TOPICAL TERM (OCLC, RLIN)
Topical term or geographic name as entry element Arts and antiques
9 (RLIN) 6217
700 ## - ADDED ENTRY--PERSONAL NAME
Personal name Dalrymple, Mark
700 ## - ADDED ENTRY--PERSONAL NAME
Personal name Davidson, Paul
700 ## - ADDED ENTRY--PERSONAL NAME
Personal name Hastings, Emma
700 ## - ADDED ENTRY--PERSONAL NAME
Personal name Meyer, Johnathan
700 ## - ADDED ENTRY--PERSONAL NAME
Personal name Newman, Michael
700 ## - ADDED ENTRY--PERSONAL NAME
Personal name Somers, Nicholas
710 ## - ADDED ENTRY--CORPORATE NAME
Corporate name or jurisdiction name as entry element Royal Institution of Chartered Surveyors
Subordinate unit Antiques and Fine Arts Faculty
9 (RLIN) 4249
710 ## - ADDED ENTRY--CORPORATE NAME
Corporate name or jurisdiction name as entry element Royal Institution of Chartered Surveyors
9 (RLIN) 4900
710 ## - ADDED ENTRY--CORPORATE NAME
Corporate name or jurisdiction name as entry element College of Estate Management
9 (RLIN) 400
942 ## - ADDED ENTRY ELEMENTS (KOHA)
Suppress in OPAC 0
Holdings
Withdrawn status Lost status Source of classification or shelving scheme Damaged status Not for loan Home library Current library Shelving location Date acquired Total Checkouts Full call number Barcode Date last seen Date last checked out Copy number Price effective from Koha item type
    Dewey Decimal Classification     London London Enquiry desk 07/04/2004 5 BASEMENT 7 30067329 06/08/2019 28/11/2008 2 06/08/2019 Audio